Hana a Petr Ulrychovi - půlstoletí

Titel: Hana a Petr Ulrychovi - půlstoletí : 1964 - 2014 : hudební historie a padesát nejznámějších písní / [Petr Ulrych. Autorská spolupráce Jiří Plocek]
Verfasser:
Beteiligt:
Ausgabe: 1. vyd.
Veröffentlicht: Brno : CPress, 2015
Umfang: 165 S. : Ill., Notenbeisp.
Format: Buch
Sprache: Tschechisch
ISBN: 9788026406792
Buchumschlag
X
Lokale Klassifikation: 22 9 H ; 23 9 H
alg: 35858155
001A    $03004:04-05-15 
001B    $01999:09-06-23 $t22:27:48.000 
001C    $03004:04-05-15 $t10:58:09.000 
001D    $03004:11-07-16 
001U    $0utf8 
001X    $00 
002@    $0Aau 
003@    $0358581559 
004A    $A978-80-264-0679-2 
007A    $0358581559 $aHEB 
010@    $acze 
011@    $a2015 $n2015 
013H    $0z 
021A    $aHana a Petr Ulrychovi - půlstoletí $d1964 - 2014 : hudební historie a padesát nejznámějších písní $h[Petr Ulrych. Autorská spolupráce Jiří Plocek] 
028A    $71106144945 $8Ulrych, Petr$Z1944- [Tp1] $9383994411 
028B/01 $7 $8Plocek, Jiří [Tnu] $9383998298 
032@    $a1. vyd. 
033A    $pBrno $nCPress 
034D    $a165 S. 
034M    $aIll., Notenbeisp. 
045F    $a780.9437 $eDDC23BSB 
045F/01 $a780 
045F/03 $g437 
045F/03 $g4371 

lok: 35858155 24
101B    $011-07-16 $t14:57:35.000 
101C    $011-07-16 
101U    $0utf8 
145Z/01 $a22 9 H 
145Z/02 $a23 9 H 

exp: 35858155 24 1 #EPN
201B/01 $013-07-16 $t10:48:07.000 
201C/01 $004-05-15 
201U/01 $0utf8 
203@/01 $0753869667 
208@/01 $a13-07-16 $bz 
209A/01 $aMus 3970 $du $f050 $hMus 3970 $x00 
209C/01 $a15.04558 K $h15 04558 K 
209G/01 $a73604257 $x00 
220C/01 $akon 
244Z/01 $71106144945 $8--Tp1--Ulrych, Petr$Z1944- $x01 $9383994411 
244Z/01 $71106145275 $8--Tp1--Ulrychová, Hana$Z1949- $x02 $9383994675 
247C/01 $8358050-7 Marburg, Bibliothek des Herder-Instituts Marburg $9102600961 

lok: 35858155 78

exp: 35858155 78 1 #EPN
201B/01 $011-11-19 $t13:07:49.000 
201C/01 $011-11-19 
201U/01 $0utf8 
203@/01 $01069799084 
208@/01 $a11-11-19 $be 
209A/01 $a/ $f000 $x00 
209A/01 $ab*p $x01 
220C/01 $apgar 
244Z/01 $#Böhmische Kronländer $#Länder der Böhmischen Krone $#Sudetenland $#Böhmen $#Mähren $#Mährisch-Schlesien $#Österreichisch-Schlesien $#Tschechische Sozialistische Republik Böhmische Länder $#Tschechei Böhmische Länder $#Země koruny české $74069573-6 $8--Tg1--Böhmische Länder $x01 $9085195553 
247C/01 $82080>Marburg/Lahn, Herder-Institut, Forschungsbibliothek, Bibliographieportal $9336309341
LEADER 00000cam a2200000 c 4500
001 358581559
003 DE-603
005 20230609222748.0
007 tu
008 150504s2015 xx |||| | u00||u|cze c
020 |a 9788026406792 
035 |a (DE-599)HEB358581559 
040 |a DE-603  |b ger  |c DE-603  |d DE-603 
041 |a cze 
082 0 4 |8 1\u  |a 780.9437  |q DE-101  |2 23/BSB 
085 |8 1\u  |b 780 
085 |8 1\u  |z 2  |s 437 
085 |8 1\u  |z 2  |s 4371 
100 1 |a Ulrych, Petr  |d 1944-  |0 (DE-603)383994411  |0 (DE-588)1106144945  |2 gnd 
245 0 0 |a Hana a Petr Ulrychovi - půlstoletí  |b 1964 - 2014 : hudební historie a padesát nejznámějších písní  |c [Petr Ulrych. Autorská spolupráce Jiří Plocek] 
250 |a 1. vyd. 
264 1 |a Brno  |b CPress  |c 2015 
300 |a 165 S.  |b Ill., Notenbeisp. 
700 1 |a Plocek, Jiří  |0 (DE-603)383998298 
924 0 |9 Mb 50  |a (DE-603)753869667  |b DE-Mb50  |c HES  |d c  |g Mus 3970 
924 0 |9 2080  |a (DE-603)1069799084  |b DE-2080  |c HES  |d d  |g /